| 000 | 02837cam a22003737i 4500 | ||
|---|---|---|---|
| 999 |
_c62073 _d62073 |
||
| 001 | 22745316 | ||
| 005 | 20240703113550.0 | ||
| 008 | 220810s2023 enka b 001 0 eng d | ||
| 010 | _a 2022944428 | ||
| 015 |
_aGBC325743 _2bnb |
||
| 020 |
_a9781529791136X _q(pbk) |
||
| 042 | _alccopycat | ||
| 080 | _a378 B-92 | ||
| 082 | 0 | 4 | _223 |
| 100 | 1 |
_aBuckler, Scott, _eauthor. _922675 |
|
| 245 | 1 | 0 |
_aEssentials of research methods in education / _cScott Buckler & Harriett Moore. |
| 264 | 1 |
_aLos Angeles : _bSAGE, _c[2023] |
|
| 300 |
_axxxii, 402 pages : _billustrations ; _c24 cm |
||
| 504 | _aIncludes bibliographical references (pages 375-394) and index. | ||
| 505 | 0 | _aSection 1. Introduction to educational methods. -- Introduction -- Perspectives and philosophy -- Sociocultural context -- Research design stages -- Section 2. Initial considerations. -- The literature review -- Research designs -- Ethics -- Specifying your research focus -- Section 3. Methodological considerations, methods and analysis. -- Quantitative considerations and methods -- Qualitative considerations and methods -- Mixed methodologies and mixed approaches -- Quantitative analysis and presentation -- Qualitative analysis and presentation -- Section 4. Engaging with your own research. | |
| 520 |
_a"This book provides a comprehensive overview of research methods, supported by examples from a range of educational fields, along with pragmatic advice and guidance on how to undertake educational research. Using the concept of research as a 'quest', this book takes you on a journey from the planning stages, through data collection and analysis, to writing up your findings, at each stage exploring the principles and practice that can support your own educational research projects. Academic understanding is combined with practical commentary to show how conceptual ideas are used in practice. Case studies throughout the book highlight the power of educational research to shine a light on important social issues"-- _cPage 4 of cover. |
||
| 650 | 0 |
_aEducation _xResearch _xMethodology. _922676 |
|
| 650 | 0 |
_aEducation _xResearch _vCase studies. _922677 |
|
| 650 | 7 |
_aeducation. _2atg _0http://lod.nal.usda.gov/nalt/4388 _922678 |
|
| 650 | 7 |
_aEducation _xResearch. _2fast _922679 |
|
| 650 | 7 |
_aEducation _xResearch _xMethodology. _2fast _922676 |
|
| 653 | _aკვლევის მეთოდების საფუძვლები განათლებაში | ||
| 653 | _aპედაგოგიკა | ||
| 700 | 1 |
_aMoore, Harriett, _eauthor. _922681 |
|
| 776 | 0 | 8 |
_iebook version : _z9781529618488 |
| 906 |
_a7 _bcbc _ccopycat _d2 _encip _f20 _gy-gencatlg |
||
| 942 |
_2udc _cᲬᲘᲒᲜᲘ |
||
| 955 |
_bxd04 2022-08-10 _axn11 2023-06-08 1 copy rec'd., to USASH _brk21 2024-06-05 z-processor _irk21 2024-06-05 GPSE arrearage to CMD |
||